| 000 | 00410nam a2200133 a 4500 | ||
|---|---|---|---|
| 001 | 000038844 | ||
| 005 | 20201002031407.0 | ||
| 008 | 130426s1990 dr ac 000 0 spa d | ||
| 040 |
_aDO-SdBNP _bspa _cBNPHU |
||
| 245 | 0 | 0 | _aCatálogo XVII bienal de artes visuales 1990 /. |
| 260 |
_aSanto Domingo : _bGalería de Arte Moderno, _c1990. |
||
| 300 |
_a59 p. : _bil., retrs. ; _c30 cm. |
||
| 500 | _aTexto a dos columnas | ||
| 999 |
_c38334 _d38334 |
||